LDR 00546naa#a2200169#i#450# 001 EN\\bibl\121804 005 20260502123256.6 011 ## _a3034-4689 100 ## _a20260424b2026####ek#y0engy0150####ca 102 ## _aRU 200 1# _aA NEURAL NETWORK CLASSIFIER FOR IDENTIFYING THE AUTHORSHIP OF WORKS CREATED BY IMPRESSIONIST ARTISTS _eJournal article 210 1# _aKazan _cKazan National Research Technological University _d2026 215 ## _a5 с. 608 ## _aJournal article _2local 700 #1 _aKataseva _gD V 700 #1 _aAlekseeva _gA. A. 856 4# _avestniktu.ru _u